000 00355 a2200157 4500
001 50259
020 _a9780736279932
040 _cAnchieta - Bela Vista
100 _aParker, Tyrone
240 1 0 _aCommunity places
_leng
245 1 0 _aCommunity places
300 _a8
362 0 _a2011
650 4 _aLiteratura infanto-juvenil em inglês
942 _cBK
999 _c50259
_d50259